000052255 001__ 52255
000052255 005__ 20240207151354.0
000052255 037__ $$aGSI-SR2012-PNI-ACC-05
000052255 041__ $$aEnglish
000052255 0881_ $$aGSI Report 2013-1
000052255 088__ $$2GSI$$aGSI Report 2013-1
000052255 1001_ $$0P:(DE-HGF)0$$aLitvinov, Y. A.$$b0
000052255 245__ $$aDepartment "SPARC Detectors" in the FAIR@GSI Project
000052255 260__ $$aDarmstadt$$bGSI Helmholtzzentrum für Schwerionenforschung$$c2013
000052255 29510 $$aScientific Report 2012
000052255 300__ $$a361 p.
000052255 3367_ $$0PUB:(DE-HGF)7$$2PUB:(DE-HGF)$$aContribution to a book$$bcontb$$mcontb$$s1369825815_7212
000052255 3367_ $$2DRIVER$$abookPart
000052255 3367_ $$2BibTeX$$aINBOOK
000052255 3367_ $$07$$2EndNote$$aBook Section
000052255 3367_ $$0PUB:(DE-HGF)15$$2PUB:(DE-HGF)$$aInternal Report$$mintrep
000052255 4900_ $$aGSI Report$$v2013-1$$x0171-4546
000052255 4900_ $$aGSI Scientific Report$$v2012$$x0174-0814
000052255 536__ $$0G:(DE-HGF)POF2-54G31$$a54G - Accelerator facilities at GSI (POF2-54G31)$$cPOF2-54G31$$fPOF II$$x0
000052255 536__ $$0G:(DE-Ds200)HGF-HIJ$$aHIJ - Helmholtz-Institut Jena (HGF-HIJ)$$cHGF-HIJ$$x1
000052255 536__ $$0G:(DE-Ds200)HGF-IVF-HCJRG-108$$aHGF-IVF-HCJRG-108 - HCJRG : Experiments with stored highly-charged ions at the borderline between nuclear and atomic physics (HGF-IVF-HCJRG-108)$$cHGF-IVF-HCJRG-108$$x2
000052255 7001_ $$0P:(DE-Ds200)OR1264$$aStöhlker, T.$$b1$$ugsi
000052255 7001_ $$0P:(DE-HGF)0$$aSchuch, R.$$b2
000052255 7001_ $$0P:(DE-Ds200)OR1235$$aSteck, M.$$b3$$ugsi
000052255 8564_ $$ySR2012-PNI-ACC-05
000052255 8564_ $$uhttps://repository.gsi.de/record/52255/files/PNI-ACC-05.pdf$$yOpenAccess
000052255 909CO $$ooai:repository.gsi.de:52255$$pdnbdelivery$$pdriver$$pVDB$$popen_access$$popenaire$$qec_fundedresources
000052255 915__ $$0StatID:(DE-HGF)0510$$2StatID$$aOpenAccess
000052255 9141_ $$y2013
000052255 9101_ $$0I:(DE-Ds200)20121206GSI$$6P:(DE-HGF)0$$aGSI Helmholtzzentrum für Schwerionenforschung GmbH$$b0$$kGSI
000052255 9101_ $$0I:(DE-Ds200)20121206GSI$$6P:(DE-Ds200)OR1264$$aGSI Helmholtzzentrum für Schwerionenforschung GmbH$$b1$$kGSI
000052255 9101_ $$0I:(DE-Ds200)20121206GSI$$6P:(DE-Ds200)OR1235$$aGSI Helmholtzzentrum für Schwerionenforschung GmbH$$b3$$kGSI
000052255 9131_ $$0G:(DE-HGF)POF2-54G31$$1G:(DE-HGF)POF2-540$$2G:(DE-HGF)POF2-500$$3G:(DE-HGF)POF2$$4G:(DE-HGF)POF$$aDE-HGF$$bStruktur der Materie$$lForschung mit Photonen, Neutronen, Ionen$$vAccelerator facilities at GSI$$x0
000052255 920__ $$lyes
000052255 9201_ $$0I:(DE-Ds200)BUD-20051214OR030$$kBUD$$lBibliothek & Dokumentation$$x0
000052255 9201_ $$0I:(DE-Ds200)PRO-20160831OR356$$kPRO$$lGesamtprojektleitung FAIR$$x1
000052255 9201_ $$0I:(DE-Ds200)Ext-HIJ$$kHIJ$$lExternal Helmholtz Institute: HIJ$$x2
000052255 9201_ $$0I:(DE-Ds200)ATP-20051214OR020$$kATP$$lAtomphysik$$x3
000052255 9201_ $$0I:(DE-Ds200)ATP-20051214OR020$$kATP$$lAtomphysik$$x4
000052255 970__ $$aGSI-SR2012-PNI-ACC-05
000052255 9801_ $$aGSI Scientific Report 2012
000052255 9801_ $$aGSI Scientific Report
000052255 9801_ $$aGSI Report 2013-1
000052255 9801_ $$aGSI Report
000052255 9801_ $$aFullTexts
000052255 9801_ $$aGSIasPublisher
000052255 980__ $$acontb
000052255 980__ $$aVDB
000052255 980__ $$aGSI Scientific Report 2012
000052255 980__ $$aGSI Scientific Report
000052255 980__ $$aGSI Report
000052255 980__ $$aGSI Report 2013
000052255 980__ $$aGSIasPublisher
000052255 980__ $$aUNRESTRICTED
000052255 980__ $$aintrep
000052255 980__ $$aI:(DE-Ds200)20120319OR030
000052255 980__ $$aI:(DE-Ds200)BUD-20051214OR030
000052255 980__ $$aI:(DE-Ds200)20121002OR203
000052255 980__ $$aI:(DE-Ds200)PRO-20160831OR356
000052255 980__ $$aI:(DE-Ds200)Ext-HIJ
000052255 980__ $$aI:(DE-Ds200)20110830OR020
000052255 980__ $$aI:(DE-Ds200)ATP-20051214OR020
000052255 980__ $$aI:(DE-Ds200)20121002OR241
000052255 980__ $$aI:(DE-Ds200)ATP-20051214OR020
000052255 980__ $$aFullTexts